LEADER 01491nam2 2200445 450 001 000004121 005 20070503173200.0 010 $a0-12-613508-8 100 $a--------d1977----km-y0itay0103----ba 101 0 $aeng 102 $aUS 200 1 $a<<8:>> Grammatical Relations$fedited by Peter Cole, Jerrold M. Sadock 200 1 $a1 $n0002230 210 $d1977 215 $aXXIV, 347 p. 461 $1001000001365$12001$aSyntax and Semantics 606 $aGrammatica 676 $a415 702 1$aCole,$bPeter 801 0$aIT$bUniversità della Basilicata - B.I.A.$gRICA$2unimarc 912 $a000004121 996 $aGrammatical Relations$973784 997 $aUNIBAS BAS $aMONLET BAS $aMONOGR BAS $aLETTERE CAT $aGIORDANO$b10$c20000211$lBAS01$h0955 CAT $aGIORDANO$b10$c20000211$lBAS01$h1227 CAT $aDILEO$b01$c20000728$lBAS01$h1114 CAT $c20000920$lBAS01$h1832 CAT $c20001010$lBAS01$h1635 CAT $c20050601$lBAS01$h1753 CAT $abatch$b01$c20050718$lBAS01$h1048 CAT $c20050718$lBAS01$h1107 CAT $c20050718$lBAS01$h1137 CAT $c20050718$lBAS01$h1151 CAT $aBATCH$b00$c20070503$lBAS01$h1732 FMT LKR $aup$b1365$lBAS01$mGrammatical Relations$nSyntax and Semantics Z30 -1$lBAS01$LBAS01$mBOOK$1BASA1$APolo Storico-Umanistico$2GEN$BCollezione generale$3FM/11396/Arm.14$9FM/11396/Arm.14$611396$5L11396$820000214$b8$f02$FPrestabile Generale$hvol.8